| 000 | 00614nam a2200157 i 4500 | ||
|---|---|---|---|
| 001 | 104560 | ||
| 003 | ES-MaACL | ||
| 005 | 20230906183633.0 | ||
| 007 | t| | ||
| 008 | 051201s1960 sp ||||1| spa d | ||
| 100 | 1 |
_aMínguez, Alejandro. _981343 |
|
| 245 | 1 | 0 |
_aSacramentos y cristianismo _b: aplicaciones espirituales de la teología sacramentaria a la vida cristiana, según los escritos del V. P. Luis de la Puente, S. J. / _cpor el Rvdo. D. Alejandro Minguez. |
| 260 |
_aBurgos : _b[s.n.], _c1960 ( _fImp. Hijos de Santiago Rodríguez) |
||
| 300 |
_a271 p. ; _c26 cm. |
||
| 852 |
_aES-MaACL _jC-19889 _bR.47659 |
||
| 999 |
_c104560 _d104560 |
||